Lie Lie Lie by Joshua Bassett- All lyrics quiz - Statistics

General Stats
  • This quiz has been taken 248 times
  • The average score is 257 of 350
Answer Stats
Answer % Correct
Lie
95%
lie,
95%
lie
95%
Lie,
95%
you
94%
You
94%
I
93%
( I
93%
(I
93%
me
91%
the
91%
your
91%
to
90%
that
89%
it
84%
It
84%
all
83%
my
82%
told
82%
what
82%
said
81%
So
81%
so
81%
know
80%
And
79%
and
79%
about
78%
things
78%
hell?
77%
lying
77%
name
77%
only
77%
Only
77%
everyone
76%
make
76%
yourself
76%
over
75%
can
74%
Darling,
74%
else
74%
been
73%
happy
73%
Running
73%
they
73%
you're
73%
You're
73%
hope
72%
of
72%
Go
71%
oh
71%
Oh,
71%
say
71%
You've
71%
acting
70%
makes
70%
I'm
69%
blame
68%
Like
68%
like
68%
one
67%
innocent
66%
mind
66%
mind)
66%
thinking
66%
time
66%
time)
66%
time,
66%
this
65%
can't
64%
get
64%
(Get
64%
teeth
64%
off
63%
try,
63%
try
63%
seem
62%
good
60%
through
60%
ass
58%
bout
57%
kiss
57%
them
57%
lies
56%
bye,
55%
bye
55%
had
55%
ahead
52%
work
50%
enough
49%
goodbye
48%
I've
48%
won't
48%
fault
36%
it's
35%
I'll
34%
telling
33%
victim
33%
call
20%
fine
20%
wanna
18%
everything's
17%
No matching quizzes found
Score Distribution
Percent of People with Each Score
Percentile by Number Answered
Your Score History
You have not taken this quiz